Loading...
| Current Events | 1 | 20.00 | 100% | 100% | 0% |
| Fine Arts - Classical Music | 6 | 8.33 | 83% | 0% | 0% |
| Fine Arts - Other | 5 | 12.00 | 100% | 20% | 0% |
| Fine Arts - Painting and Sculpture | 3 | 10.00 | 100% | 0% | 0% |
| Geography | 6 | 15.00 | 67% | 67% | 17% |
| History - American | 3 | 10.00 | 100% | 0% | 0% |
| History - European | 3 | 10.00 | 67% | 33% | 0% |
| History - Other | 7 | 8.57 | 71% | 14% | 0% |
| History - World | 3 | 16.67 | 100% | 67% | 0% |
| Literature - American | 3 | 10.00 | 67% | 33% | 0% |
| Literature - British | 6 | 13.33 | 100% | 33% | 0% |
| Literature - European | 3 | 16.67 | 100% | 33% | 33% |
| Literature - World | 2 | 5.00 | 50% | 0% | 0% |
| Mythology | 6 | 13.33 | 100% | 33% | 0% |
| Philosophy | 3 | 10.00 | 100% | 0% | 0% |
| Popular Culture | 1 | 10.00 | 100% | 0% | 0% |
| Religion | 4 | 10.00 | 50% | 50% | 0% |
| Science - Biology | 4 | 17.50 | 100% | 75% | 0% |
| Science - Chemistry | 4 | 20.00 | 100% | 100% | 0% |
| Science - Other | 4 | 7.50 | 50% | 0% | 25% |
| Science - Physics | 5 | 10.00 | 80% | 20% | 0% |
| Social Science | 3 | 6.67 | 67% | 0% | 0% |